000
00301nam a22001217a 4500
005
20250806095259.0
008
250806b |||||||| |||| 00| 0 eng d
020
_a
9780521523363
_q
pbk
082
_a
512.9434
_b
EDE
100
_a
R.j.eden
245
_a
The Analytic S-matrix
_c
R.j.eden
942
_c
ENGLISH
999
_c
578709
_d
578709